| 000 | 01063 a2200217 4500 | ||
|---|---|---|---|
| 001 | 63087 | ||
| 005 | 20260407155926.0 | ||
| 008 | 260407a1995 arg spa d | ||
| 003 | AR-UNSa-BCEJYS | ||
| 040 |
_aAR-UNSa-BCEJYS _bspa _cAR-UNSa-BCEJYS |
||
| 080 |
_a339.9 _xEconomía internacional en general. Relaciones económicas internacionales. Economía mundial |
||
| 245 | 1 | 0 | _aEconomía internacional e integración económica |
| 020 | _a978-84-481-1626-2 | ||
| 264 | 1 |
_aMadrid : _bMcGraw-Hill _c1995 |
|
| 300 |
_ax, 246 p. _c23 cm. |
||
| 505 | _a1. La economía internacional: una introducción – 2. El comercio internacional – 3. Políticas comerciales – 4. Tipos de cambio y sistemas de paridades – 5. Las interdependencias en la economía mundial – 6. Integración comercial – 7. Integración monetaria – 8. La economía internacional y el crecimiento económico – 9. Los países en transición a economías de mercado - | ||
| 041 | _aspa | ||
| 942 | _cBK | ||
| 590 | _aniveau_biblio:m niveau_hierar:0 | ||
| 100 | 1 | _aTugores Ques, Juan | |
| 999 |
_c7987 _d7987 |
||